000 00910pab a2200157 454500
008 180718b2001 xxu||||| |||| 00| 0 eng d
100 _aJoseph, Sarah
245 _aDemocratic good governance: new agenda for change
260 _c2001
300 _ap.1011-014
362 _a24 Mar
520 _aGood governance espouses freedom of information, a strong legal system and efficient administration, backed by political mobilisation of the disadvantaged through movements or political parties. Despite the increasingly individualist premises of state theory, representative democracy still provides avenues for public debate on social issues. The emphasis should thus be on strengthening democratic institution rather than bypassing them through increased individual or governmental interventions. - Reproduced
650 _aPublic administration
773 _aEconomic and Political Weekly
909 _a48176
999 _c48176
_d48176